[Event "Colombo Golden Jubilee op"]
[Site "Colombo"]
[Date "2022.11.24"]
[Round "3"]
[White "Rathnayaka, Minaga Yethmin"]
[Black "Premarathne, WM Lavindu Sohas"]
[Result "1-0"]
[WhiteElo "1264"]
[BlackElo "1152"]
[PlyCount "123"]
[EventDate "2022.11.23"]
[EventType "swiss"]
[EventRounds "9"]
[EventCountry "SRI"]
[SourceTitle "CBM 211 Extra"]
[Source "ChessBase"]
[SourceDate "2023.01.31"]
[SourceVersion "1"]
[SourceVersionDate "2023.01.31"]
[SourceQuality "1"]

1. d4 Nf6 2. c4 e6 3. Nc3 Bb4 4. Bg5 c5 5. a3 Bxc3+ 6. bxc3 Qa5 7. Bd2 Ne4 8. e3 Nc6 9. Nf3 d5 10. Bd3 f5 11. Qb3 Qb6 12. Qa2 Nxd2 13. Nxd2 Ne7 14. 0-0 0-0 15. Rab1 Qd6 16. Nf3 b6 17. Ne5 Bb7 18. f4 Ba6 19. Rfd1 Ng6 20. cxd5 Bxd3 21. Rxd3 exd5 22. dxc5 Qxc5 23. Nxg6 hxg6 24. Qxd5+ Qxd5 25. Rxd5 Rfe8 26. Kf2 Rac8 27. Rb3 Red8 28. Rd4 Kf7 29. Ke2 Re8 30. Kd3 Rc7 31. Rbb4 Rce7 32. e4 Rh8 33. h3 Rh4 34. e5 Rh8 35. Rd5 Rhe8 36. h4 Rh8 37. g3 Rc8 38. Rc4 Rec7 39. Rxc7+ Rxc7 40. Kd4 Re7 41. Rd8 Rc7 42. c4 Ke7 43. Rd6 Kf7 44. Rd5 Re7 45. c5 Rc7 46. cxb6 axb6 47. Rd6 Ra7 48. e6+ Ke7 49. Rd7+ Rxd7+ 50. exd7 Kd8 51. Ke5 Kxd7 52. Kd5 g5 53. fxg5 g6 54. a4 Kc7 55. Ke6 Kc6 56. Kf6 Kc5 57. Kxg6 Kb4 58. h5 Kxa4 59. h6 b5 60. h7 b4 61. h8Q b3 62. Qb2 1-0